000 00649nam a2200193 a 4500
001 000041125
005 20201002034635.0
008 130918s1995 sp 000 0 spa d
020 _a2080708430
100 1 _aHugo, Victor,
_d1802-1885
_913790
245 1 0 _aLes contemplations /
_cVictor Hugo ; presentation, notes, bibliographie et chronologie par Pierre Laforgue.
260 _aParis :
_bbFlammarion,
_c1995.
300 _a473 p. ;
_c18 cm.
490 1 _aGF
_v843
504 _aIncluye referencias bibliográficas y notas al pie de las páginas
700 1 _aLaforgue, Pierre,
_epresent.
_967666
830 0 _aGF
_n853
_967667
999 _c40615
_d40615
040 _aDO-SdBNP